000 00734nam a2200229 4500
003 OSt
005 20240729072408.0
006 a
008 240729b |||||||| |||| 00| 0 eng d
020 _a9812611185
040 _aDWCL-Main lib.
_cOC
082 _aCirc. 951.156 J77c 2005
100 _aJones, Kay
245 _aCulture shock! : a survival guide to customs and etiquette : Beijing /
260 _aSingapore :
_bMarshall Cavendish Editions,
_cc2005.
300 _axi,
_b252 p. : ill. ;
_c21 cm.
490 _3Culture Shock
504 _aIncludes bibliographical references & index.
650 _a1. Etiquette-China-Beijing.
650 _a2. Beijing (China)-Social life and customs.
942 _2ddc
_n0
_cBK-CIRC
_kCirc.
999 _c2922
_d2922